000 00796cam a22002651 4500
001 26959
003 BD-RjUL
005 20211209051107.0
008 140324s1960 pk 000 0 eng
035 _a(BD-RjUL)27030
035 _a(OCoLC)5242104
040 _aDLC
_cNOsU
_dDLC
_dBD-RjUL
_beng
041 _aeng
082 _a954.7
_bJIS 1960
100 1 _aJinnah, Mahomed Ali,
_d1876-1948.
_92879
245 1 0 _aSpeeches and writings of Mr. Jinnah /
_cCollected and edited by Jamil-ud-Din Ahmad.
250 _a6th ed.
260 _aLahore :
_bShaikh Muhammad Ashraf,
_c1960.
300 _axxxv, 586 p. ;
_c19 cm.
651 _aPakistan
_xPolitics and government
_982853
700 1 _aAhmad, Jamil-ud-Din,
_eed.
_982854
942 _2ddc
_cBK
999 _c26959
_d26959